Web Design Blueprints : Build Websites and Applications Using the Latest Techniques in Modern Web Development (Record no. 2056)

MARC details
000 -LEADER
fixed length control field 00387nam a2200133Ia 4500
008 - FIXED-LENGTH DATA ELEMENTS--GENERAL INFORMATION
fixed length control field 230523s9999 xx 000 0 und d
100 ## - MAIN ENTRY--PERSONAL NAME
Main Author Name LaGrone, Benjamin
245 #0 - TITLE STATEMENT
Title Web Design Blueprints : Build Websites and Applications Using the Latest Techniques in Modern Web Development
260 ## - PUBLICATION, DISTRIBUTION, ETC.
Place of publication Birmingham
260 ## - PUBLICATION, DISTRIBUTION, ETC.
publisher Name Packet Publishing
260 ## - PUBLICATION, DISTRIBUTION, ETC.
Date of publication 2016
300 ## - PHYSICAL DESCRIPTION
Number Of Page 270
942 ## - ADDED ENTRY ELEMENTS (KOHA)
Koha item type Reference Book
Holdings
Lost status Not for loan Home library Current library Date last seen Koha item type School Total Checkouts Barcode Date last checked out Cost, replacement price Price effective from Withdrawn status Date acquired Source of acquisition Cost, normal purchase price Discount Bill Date Bill No
    BGU Central Library BGU Central Library 09/10/2025 Reference Book School of Management 1 11544 10/09/2025 2799.00 23/05/2023   18/04/2022 Shah Book House, Hyderabad 2799.00 20 2022-04-07 15479
    BGU Central Library BGU Central Library 23/05/2023 Reference Book School of Management   11545   2799.00 23/05/2023   18/04/2022 Shah Book House, Hyderabad 2799.00 20 2022-04-07 15479

Maintained and Designed by
2cqr automation private limited, Chennai. All Rights Reserved.

You are Visitor Number

PHP Hits Count